000 01243nam a2200325Ia 4500
001 ebr10007047
003 CaPaEBR
006 m u
007 cr cn|||||||||
008 020517s2002 maua s 001 0 eng d
040 _aCaPaEBR
_cCaPaEBR
035 _a(OCoLC)559725357
050 1 4 _aQA76.9.A25
_bC454 2002beb
082 0 4 _a005.8
_221
245 0 0 _aCheck Point NG
_h[electronic resource] :
_bnext generation security administration /
_cDrew Simonis ... [et al.].
246 3 _aCheck Point Next Generation
246 3 _aCheckPoint NG
260 _aRockland, Mass. :
_bSyngress Publishing, Inc.,
_cc2002.
300 _axxviii, 628 p. :
_bill.
500 _aIncludes index.
530 _aAvailable also in a print ed.
533 _aElectronic reproduction.
_bPalo Alto, Calif. :
_cebrary,
_d2009.
_nAvailable via World Wide Web.
_nAccess may be limited to ebrary affiliated libraries.
650 0 _aComputer security.
650 0 _aComputers
_xAccess control.
650 0 _aDatabase security.
655 7 _aElectronic books.
_2local
700 1 _aSimonis, Drew.
710 2 _aebrary, Inc.
856 4 0 _uhttp://site.ebrary.com/lib/rucke/Doc?id=10007047
_zAn electronic book accessible through the World Wide Web; click to view
999 _c401
_d401